• 首页
  • 本馆介绍
  • 公告通知
  • 最新文献
  • 馆藏检索
  • 电子资源
  • 读者导购
  • 参考咨询
  • 我的图书馆
  • 登录
  • 详细信息显示
  • 放入我的书架
  • 预约/预借图书
  • 作者相关作品
  • 分类相关作品
  • 丛书相关作品
  • 出版社相关作品

书目信息

  • 表格格式
  • 工作单格式
  • 卡片格式
题名:
施振荣开讲
    
 
作者: 施振荣 著 ;黄亦筠 整理
分册:  
出版信息: 沈阳   万卷出版公司  2010
页数: 185页
开本: 23cm
丛书名:
单 册:
中图分类: F279.275.8
科图分类:
主题词: 品牌--企业管理--研究--台湾 , 品牌 , 企业管理
电子资源:
ISBN: 978-7-5470-1314-4
000 00906nam0 2200289 450
001 523
005 20140909093206.31
010    @a978-7-5470-1314-4@dCNY36.00
100    @a20110228d2010 em y0chiy50 ea
101 0  @achi
102    @aCN@b210000
105    @ay z 000yy
106    @ar
200 1  @a施振荣开讲@e民族品牌升级之路@f施振荣著@g黄亦筠等整理
210    @a沈阳@c万卷出版公司@d2010
215    @a185页@d23cm
305    @a经由天下杂志股份有限公司授权出版
330    @a本书中施振荣先生现身说法,以自己30年的实战经验,深入分析台湾企业的品牌策略。主要内容包括:构建经营品牌的战略性思维和台湾品牌策略的产业升级之路。
517 1  @a民族品牌升级之路
606 0  @a品牌@x企业管理@x研究@y台湾
606 0  @a品牌
606 0  @a企业管理
690    @aF279.275.8@v5
701  0 @a施振荣@4著
702  0 @a黄亦筠@4整理
801  0 @aCN@bTANGWEI@c20140603
905    @b0842447-49@dF279.275.8@e1162@f3
    
    施振荣开讲:民族品牌升级之路/施振荣著/黄亦筠等整理.-沈阳:万卷出版公司,2010
    185页;23cm
    
    
    ISBN 978-7-5470-1314-4:CNY36.00
    本书中施振荣先生现身说法,以自己30年的实战经验,深入分析台湾企业的品牌策略。主要内容包括:构建经营品牌的战略性思维和台湾品牌策略的产业升级之路。
●
相关链接 在E读中查询图书 在五车中查询图书 在当当中查询图书 在豆瓣中查询图书


正题名:施振荣开讲     索取号:F279.275.8/1162         预约/预借

序号 登录号 条形码 馆藏地/架位号 状态 备注
1 0842447   208424472   第一样本阅览室/ [索取号:F279.275.8/1162] 在馆    
2 0842448   208424481   密集书库-海洋学院/ [索取号:F279.275.8/1162] 在馆    
3 0842449   208424490   第一借阅区/ [索取号:F279.275.8/1162] 在馆    
唐山师范学院图书馆 欢迎您!
大连网信软件有限公司© 版权所有